00246nam a2200097Ia 4500008004100000245003600041260002200077300001000099500002200109650001700131220216s9999 xx 000 0 und d 0aPrices turn bullish, how long ? bRubber Asiac2015 a84-87 aSource Year: 2015 aRubber price